00243 2200109 4500001002100000035002000021245003800041100001400079260002300093300000800116990000900124INLIS000000000002365 a0010-1119000362 aCAHAYA CINTA PESANTRENcIra Madan aIra Madan bTinta Medinac2015 a290 a4734